000
00322nam a22001457a 4500
008
230614b ||||| |||| 00| 0 eng d
020
_a
9780321925831
041
_a
eng
080
_2
3RD EDITION
_a
311
082
_a
311SHA
100
_a
23
101
_a
BSS
245
_a
BUSINEESS STATISTICS
_c
SHARPE
942
_2
udc
_c
BK
999
_c
59965
_d
59965